Perspectives in business ethics / (Record no. 36978)

MARC details
000 -LEADER
fixed length control field 00655nam a22001697a 4500
008 - FIXED-LENGTH DATA ELEMENTS--GENERAL INFORMATION
fixed length control field 100722t xxu||||| |||| 00| 0 eng d
050 ## - LIBRARY OF CONGRESS CALL NUMBER
Classification number HF 5387 .H37
Item number 2002
100 ## - MAIN ENTRY--PERSONAL NAME
Personal name Hartman, Laura Pincus.
245 ## - TITLE STATEMENT
Title Perspectives in business ethics /
Statement of responsibility, etc Laura P. Hartman.
250 ## - EDITION STATEMENT
Edition statement 2nd ed.
260 ## - PUBLICATION, DISTRIBUTION, ETC. (IMPRINT)
Place of publication, distribution, etc New Delhi
Name of publisher, distributor, etc McGraw-Hill
Date of publication, distribution, etc 2002
300 ## - PHYSICAL DESCRIPTION
Extent xvii, 811p. ;
Dimensions 23 cm
500 ## - GENERAL NOTE
General note Includes bibliographical references and index.
650 ## - SUBJECT ADDED ENTRY--TOPICAL TERM
Topical term or geographic name as entry element Business ethics.
942 ## - ADDED ENTRY ELEMENTS (KOHA)
Source of classification or shelving scheme Library of Congress Classification
Item type Book
Holdings
Withdrawn status Lost status Source of classification or shelving scheme Damaged status Not for loan Collection code Home library Current library Shelving location Date acquired Source of acquisition Total Checkouts Total Renewals Full call number Barcode Date last borrowed Copy number Price effective from Koha item type
    Library of Congress Classification     Non-fiction Bishop Okullu Memorial Library (Limuru Campus) Bishop Okullu Memorial Library (Limuru Campus) General Circulation 22/07/2010 Purchase 38 2 HF 5387 .H37 2002 020556 20/04/2020 1 22/07/2010 Book